000
00312nam a2200121Ia 4500
008
220216s9999 xx 000 0 und d
100
_a
Mathew K J
245
0
_a
Emerging trends in global rubber industry
260
_b
Indian Rubber Journal
_c
1998
300
_a
136-139
650
_a
Rubber industry
942
_c
JS
999
_c
58574
_d
58574